000 01108nac a22003131i 4500
003 EG-ScBUE
005 20250529081523.0
008 100916t1989 m a f b 001 0 eng d
020 _a0201528207
020 _a9780201528206
040 _aEG-ScBUE
_beng
_erda
_cEG-ScBUE
_dEG-ScBUE
082 0 4 _a530.141
_bCHE
_222
100 1 _aCheng, David K.,
_919390
_eauthor.
245 1 0 _aField and wave electromagnetics /
_cDavid K. Cheng, life fellow, I.E.E.E., fellow, I.E.E., C. Eng.
250 _aSecond edition.
250 _aWorld student series edition.
264 1 _aReading, Massachusetts :
_bAddison-Wesley Publishing Company,
_c[1989]
264 4 _cc1989
300 _axvi, 703 pages :
_billustrations ;
_c24 cm.
336 _2rdacontent
_atext
_btxt
337 _aunmediated
_2rdamedia
_bn
338 _avolume
_bnc
_2rdacarrier
490 0 _aAddison-Wesley series in electrical engineering
504 _aIncludes bibliographical references and index.
650 7 _aElectromagnetism.
_919391
_2BUEsh
650 7 _aField theory (Physics).
_919392
_2BUEsh
655 _vReading book
942 _cBB
_2ddc
999 _c4297
_d4297